<?xml version="1.0" encoding="UTF-8"?>
<collection xmlns="http://www.loc.gov/MARC21/slim">
 <record>
  <leader>02292nam a22002897a 4500</leader>
  <controlfield tag="001">NCT_80268</controlfield>
  <controlfield tag="008">200609b        xxu||||| |||| 00| 0 vie d</controlfield>
  <datafield tag="999" ind1=" " ind2=" ">
   <subfield code="c">3937</subfield>
   <subfield code="d">3937</subfield>
  </datafield>
  <datafield tag="020" ind1=" " ind2=" ">
   <subfield code="a">9786045719503</subfield>
   <subfield code="c">160000</subfield>
  </datafield>
  <datafield tag="082" ind1="0" ind2="4">
   <subfield code="2">23rd ed.</subfield>
   <subfield code="a">341.48</subfield>
   <subfield code="b">D513</subfield>
  </datafield>
  <datafield tag="100" ind1="1" ind2=" ">
   <subfield code="a">Nguyễn Đăng Dung</subfield>
   <subfield code="e">Chủ biên</subfield>
  </datafield>
  <datafield tag="245" ind1="1" ind2="0">
   <subfield code="a">Giáo trình lý luận và pháp luật về quyền con người</subfield>
   <subfield code="c">Nguyễn Đăng Dung, Vũ Công Giao, Lã Khánh Tùng (Chủ biên)</subfield>
  </datafield>
  <datafield tag="250" ind1=" " ind2=" ">
   <subfield code="a">Tái bản lần thứ hai có sửa chữa, bổ sung</subfield>
  </datafield>
  <datafield tag="260" ind1=" " ind2=" ">
   <subfield code="a">H.</subfield>
   <subfield code="b">Chính trị quốc gia</subfield>
   <subfield code="c">2015</subfield>
  </datafield>
  <datafield tag="300" ind1=" " ind2=" ">
   <subfield code="a">456 tr.</subfield>
   <subfield code="c">24cm</subfield>
  </datafield>
  <datafield tag="500" ind1=" " ind2=" ">
   <subfield code="a">ĐTTS ghi: Đại học quốc gia Hà Nội, Khoa Luật</subfield>
  </datafield>
  <datafield tag="520" ind1="3" ind2=" ">
   <subfield code="a">Nội dung cuốn sách trình bày các vấn đề: nhập môn lý luận và pháp luật về quyền con người; khái quát về quyền con người; khái quát luật quốc tế về quyền con người; các quyền dân sự và chính trị trong luật quốc tế; các quyền kinh tế, xã hội và văn hóa trong luật quốc tế; luật quốc tế về quyền của một số nhóm người dễ bị tổn thương;... </subfield>
  </datafield>
  <datafield tag="653" ind1=" " ind2=" ">
   <subfield code="a">Luật học</subfield>
  </datafield>
  <datafield tag="700" ind1="1" ind2=" ">
   <subfield code="a">Vũ Công Giao</subfield>
   <subfield code="e">Chủ biên</subfield>
  </datafield>
  <datafield tag="700" ind1="1" ind2=" ">
   <subfield code="a">Lã Khánh Tùng</subfield>
   <subfield code="e">Chủ biên</subfield>
  </datafield>
  <datafield tag="942" ind1=" " ind2=" ">
   <subfield code="2">ddc</subfield>
   <subfield code="c">BK</subfield>
  </datafield>
  <datafield tag="952" ind1=" " ind2=" ">
   <subfield code="0">0</subfield>
   <subfield code="1">0</subfield>
   <subfield code="2">ddc</subfield>
   <subfield code="4">0</subfield>
   <subfield code="6">341_480000000000000_D513</subfield>
   <subfield code="7">0</subfield>
   <subfield code="9">19663</subfield>
   <subfield code="a">000001</subfield>
   <subfield code="b">000001</subfield>
   <subfield code="d">2020-06-09</subfield>
   <subfield code="o">341.48 D513</subfield>
   <subfield code="p">MD.17275</subfield>
   <subfield code="r">2020-06-09</subfield>
   <subfield code="v">160000.00</subfield>
   <subfield code="w">2020-06-09</subfield>
   <subfield code="y">BK</subfield>
  </datafield>
  <datafield tag="952" ind1=" " ind2=" ">
   <subfield code="0">0</subfield>
   <subfield code="1">0</subfield>
   <subfield code="2">ddc</subfield>
   <subfield code="4">0</subfield>
   <subfield code="6">341_480000000000000_D513</subfield>
   <subfield code="7">0</subfield>
   <subfield code="9">19664</subfield>
   <subfield code="a">000001</subfield>
   <subfield code="b">000001</subfield>
   <subfield code="d">2020-06-09</subfield>
   <subfield code="l">1</subfield>
   <subfield code="o">341.48 D513</subfield>
   <subfield code="p">MD.17276</subfield>
   <subfield code="r">2020-10-07</subfield>
   <subfield code="s">2020-09-21</subfield>
   <subfield code="v">160000.00</subfield>
   <subfield code="w">2020-06-09</subfield>
   <subfield code="y">BK</subfield>
  </datafield>
  <datafield tag="952" ind1=" " ind2=" ">
   <subfield code="0">0</subfield>
   <subfield code="1">0</subfield>
   <subfield code="2">ddc</subfield>
   <subfield code="4">0</subfield>
   <subfield code="6">341_480000000000000_D513</subfield>
   <subfield code="7">0</subfield>
   <subfield code="9">19665</subfield>
   <subfield code="a">000001</subfield>
   <subfield code="b">000001</subfield>
   <subfield code="d">2020-06-09</subfield>
   <subfield code="o">341.48 D513</subfield>
   <subfield code="p">MD.17277</subfield>
   <subfield code="r">2020-06-09</subfield>
   <subfield code="v">160000.00</subfield>
   <subfield code="w">2020-06-09</subfield>
   <subfield code="y">BK</subfield>
  </datafield>
  <datafield tag="952" ind1=" " ind2=" ">
   <subfield code="0">0</subfield>
   <subfield code="1">0</subfield>
   <subfield code="2">ddc</subfield>
   <subfield code="4">0</subfield>
   <subfield code="6">341_480000000000000_D513</subfield>
   <subfield code="7">0</subfield>
   <subfield code="9">19666</subfield>
   <subfield code="a">000001</subfield>
   <subfield code="b">000001</subfield>
   <subfield code="d">2020-06-09</subfield>
   <subfield code="o">341.48 D513</subfield>
   <subfield code="p">MD.17278</subfield>
   <subfield code="r">2020-06-09</subfield>
   <subfield code="v">160000.00</subfield>
   <subfield code="w">2020-06-09</subfield>
   <subfield code="y">BK</subfield>
  </datafield>
  <datafield tag="952" ind1=" " ind2=" ">
   <subfield code="0">0</subfield>
   <subfield code="1">0</subfield>
   <subfield code="2">ddc</subfield>
   <subfield code="4">0</subfield>
   <subfield code="6">341_480000000000000_D513</subfield>
   <subfield code="7">0</subfield>
   <subfield code="9">19667</subfield>
   <subfield code="a">000001</subfield>
   <subfield code="b">000001</subfield>
   <subfield code="d">2020-06-09</subfield>
   <subfield code="l">1</subfield>
   <subfield code="o">341.48 D513</subfield>
   <subfield code="p">MD.17279</subfield>
   <subfield code="r">2021-02-25</subfield>
   <subfield code="s">2021-01-26</subfield>
   <subfield code="v">160000.00</subfield>
   <subfield code="w">2020-06-09</subfield>
   <subfield code="y">BK</subfield>
  </datafield>
  <datafield tag="980" ind1=" " ind2=" ">
   <subfield code="a">Thư viện Trường Đại học Nam Cần Thơ</subfield>
  </datafield>
 </record>
</collection>
